Các kue61n giải lập pháp cụ thể về chế định những trường hợp loại trừ tính chất tội phạm của hành vi trong dự thảo II phần chung Bộ luật hình sự (sửa đổi) /
Gardado en:
| Autor Principal: | |
|---|---|
| Formato: | Artigo |
| Idioma: | Vietnamese |
| Những chủ đề: | |
| Các nhãn: |
Engadir etiqueta
Sen Etiquetas, Sexa o primeiro en etiquetar este rexistro!
|
| Thư viện lưu trữ: | Thư viện Trường Đại học Đà Lạt |
|---|
| LEADER | 00945nam a2200277 4500 | ||
|---|---|---|---|
| 001 | DLU160178247 | ||
| 005 | ##20161218 | ||
| 040 | # | # | |a DLU |b vie |
| 041 | # | # | |a vie |
| 044 | # | # | |a vn |
| 100 | # | # | |a Lê Văn Cảm. |
| 245 | # | # | |a Các kue61n giải lập pháp cụ thể về chế định những trường hợp loại trừ tính chất tội phạm của hành vi trong dự thảo II phần chung Bộ luật hình sự (sửa đổi) / |c Lê Văn Cảm. |
| 653 | # | # | |a Bộ luật hình sự |
| 653 | # | # | |a Chế định |
| 653 | # | # | |a Hành vi |
| 653 | # | # | |a Tính chất tội phạm |
| 773 | # | # | |t Tạp chí Tòa án nhân dân |g Số18, 2014, tr. 13-19 |
| 920 | # | # | |a Phòng Tạp chí -- Trung tâm Thông tin - Thư viện Trường Đại học Đà Lạt |
| 994 | # | # | |a DLU |
| 900 | # | # | |a True |
| 911 | # | # | |a Nguyễn Thị Mai Anh |
| 925 | # | # | |a G |
| 926 | # | # | |a A |
| 927 | # | # | |a BB |
| 980 | # | # | |a Thư viện Trường Đại học Đà Lạt |